00361nam a2200133Ia 4500008004100000041000800041082001500049100002300064245004500087250001400132260003800146300003200184365001100216240624s9999 xx 000 0 und d aeng a658.15 SMI aSMITHSON CHARLES W aMANAGING FINANCIAL RISK A GUIDE TO DERIV a(3rd ed.) c1998aNew DelhibTata McGraw-Hill axxiv, : 663 : p. : cm. ; 24 cRSb33